书目信息 |
| 题名: |
从零开始学电子元器件
|
|
| 作者: | 张校铭 主编 | |
| 分册: | ||
| 出版信息: | 北京 化学工业出版社 2017 |
|
| 页数: | 361页 | |
| 开本: | 21cm | |
| 丛书名: | ||
| 单 册: | ||
| 中图分类: | TN606-64 | |
| 科图分类: | ||
| 主题词: | 电子元器件--dian zi yuan qi jian--识别--图解 , 电子元器件--dian zi yuan qi jian--检测--图解 , 电子元器件--dian zi yuan qi jian--检修--j图解 | |
| 电子资源: | ||
| ISBN: | 978-7-122-29892-8 | |
| 000 | 01230nam0 2200289 450 | |
| 001 | 012001002061 | |
| 005 | 20131109161301.0 | |
| 010 | @a978-7-122-29892-8@dCNY49.80 | |
| 099 | @aCAL 012017143051 | |
| 100 | @a20170927d2017 em y0chiy50 ea | |
| 101 | 0 | @achi |
| 102 | @aCN@b110000 | |
| 105 | @aa a 000yy | |
| 106 | @ar | |
| 200 | 1 | @a从零开始学电子元器件@Acong ling kai shi xue dian zi yuan qi jian@e识别·检测·维修·代换·应用@f张校铭主编 |
| 210 | @a北京@c化学工业出版社@d2017 | |
| 215 | @a361页@c彩图@d21cm | |
| 320 | @a有书目 | |
| 330 | @a本书采用图解形式,按照检测操作步骤,详细讲解了多种元器件的检修方法,读者只要按照步骤操作,可在短时间内学会各种电子元器件的检测、检修与代换技术。主要包括仪表工具使用、电阻器、电容器、电感器、变压器、二极管、三极管、集成稳压器等元件的检修技术与应用。 | |
| 517 | 1 | @a识别·检测·维修·代换·应用@Ashi bie ·jian ce ·wei xiu ·dai huan ·ying yong |
| 606 | 0 | @a电子元器件@Adian zi yuan qi jian@x识别@j图解 |
| 606 | 0 | @a电子元器件@Adian zi yuan qi jian@x检测@j图解 |
| 606 | 0 | @a电子元器件@Adian zi yuan qi jian@x检修@xj图解 |
| 690 | @aTN606-64@v4 | |
| 701 | 0 | @a张校铭@Azhang xiao ming@4主编 |
| 801 | 0 | @aCN@b北京卓展@c20191020 |
| 905 | @b1199524-7@dTN606-64@e93@f4 | |
| 从零开始学电子元器件:识别·检测·维修·代换·应用/张校铭主编.-北京:化学工业出版社,2017 |
| 361页:彩图;21cm |
| ISBN 978-7-122-29892-8:CNY49.80 |
| 本书采用图解形式,按照检测操作步骤,详细讲解了多种元器件的检修方法,读者只要按照步骤操作,可在短时间内学会各种电子元器件的检测、检修与代换技术。主要包括仪表工具使用、电阻器、电容器、电感器、变压器、二极管、三极管、集成稳压器等元件的检修技术与应用。 |
| ● |
| 相关链接 |
|
|
|
|
正题名:从零开始学电子元器件
索取号:TN606-64/93
 
预约/预借
| 序号 | 登录号 | 条形码 | 馆藏地/架位号 | 状态 | 备注 |
| 1 | 1199524 | 211995242 | 第二样本阅览室/ [索取号:TN606-64/93] | 在馆 | |
| 2 | 1199525 | 211995251 | 第三借阅区/ [索取号:TN606-64/93] | 在馆 | |
| 3 | 1199526 | 211995260 | 第三借阅区/ [索取号:TN606-64/93] | 在馆 | |
| 4 | 1199527 | 211995279 | 第三借阅区/ [索取号:TN606-64/93] | 在馆 |